| 000 | 00000nam##2200000za#4500 |
| 001 | 9.681529 |
| 003 | CaOODSP |
| 005 | 20220328113357 |
| 007 | ta |
| 008 | 150407|2001||||xxc||||| f|0| 0 fre|d |
| 020 | |a0-662-85940-5 |
| 040 | |aCaOODSP|bfre |
| 043 | |an-cn--- |
| 086 | 1 |aC2-574/2001F |
| 110 | 1 |aCanada. |bIndustrie Canada. |
| 245 | 13|aLe nouveau rêve national: résautage du pays pour l'accès aux services à large bande : |brapport du Groupe de travail national sur les services à large bande |
| 260 | |aOttawa - Ontario : |bIndustrie Canada |c2001. |
| 300 | |aiv, 110p. : |bgraphiques, tableaux ; |c28 cm. |
| 500 | |a«Le Groupe de travail national sur les services à large bande a été crée en janvier 2001 par le ministre de l'Industrie. Son principal mandat consistait à élaborer une stratégie pour que les entreprises et les habitants de toutes les collectivités canadiennes aient accès d'ici 2004 aux services à large bande, conformément à l'objectif que s'est fixé le gouvernement du Canada.»--Sommaire. |
| 520 | 3 |aLe Groupe de travail national sur les services à large bande a été crée en janvier 2001 par le ministre de l'Industrie. Son principal mandat consistait à élaborer une stratégie pour que les entreprises et les habitants de toutes les collectivités canadiennes aient accès d'ici 2004 aux services à large bande, conformément à l'objectif que s'est fixé le gouvernement du Canada.--Sommaire |
| 563 | |aCouverture souple |
| 590 | |a01-28|b2001-07-13 |
| 691 | 07|aRéseau informatique|2gcpds |
| 691 | 07|aTélécommunications|2gcpds |
| 691 | 07|aInternet|2gcpds |
| 775 | 08|tThe new national dream: networking the nation for broadband access : |w(CaOODSP)9.648212 |
| 776 | 0#|tLe nouveau rêve national : |w(CaOODSP)9.630702 |
| 986 | |a53497 F |